The experimental process of vanda cattleya and dendrobium ochhid growth technique​ at the forestry faculty of royal university of agriculture, ដំណើរការពិសោធន៏អំពីបច្ចេកទេសដាំ អ័រគីដេព្រៃ ប្រភេទ vanda cattleya dendrobium នៅក្នុងស្ថានីយ៏ស្រាវជ្រាវរុក្ខកម្មរបស់សាកលវិទ្យាល័យផូមិន្ទកសិកម្ម (Record no. 3361)

000 -LEADER
fixed length control field 00876nam a22001577a 4500
003 - CONTROL NUMBER IDENTIFIER
control field OSt
005 - DATE AND TIME OF LATEST TRANSACTION
control field 20151112144656.0
008 - FIXED-LENGTH DATA ELEMENTS--GENERAL INFORMATION
fixed length control field 151112b xxu||||| |||| 00| 0 eng d
040 ## - CATALOGING SOURCE
Transcribing agency RUA
082 ## - DEWEY DECIMAL CLASSIFICATION NUMBER
Classification number FOR PAN 2005 B132 Or.1
100 ## - MAIN ENTRY--PERSONAL NAME
9 (RLIN) 3610
Personal name PAN; SOCHEA.
245 ## - TITLE STATEMENT
Title The experimental process of vanda cattleya and dendrobium ochhid growth technique​ at the forestry faculty of royal university of agriculture, ដំណើរការពិសោធន៏អំពីបច្ចេកទេសដាំ អ័រគីដេព្រៃ ប្រភេទ vanda cattleya dendrobium នៅក្នុងស្ថានីយ៏ស្រាវជ្រាវរុក្ខកម្មរបស់សាកលវិទ្យាល័យផូមិន្ទកសិកម្ម
260 ## - PUBLICATION, DISTRIBUTION, ETC. (IMPRINT)
Place of publication, distribution, etc. Phnom Penh
Name of publisher, distributor, etc. RUA
Date of publication, distribution, etc. 2005
300 ## - PHYSICAL DESCRIPTION
Extent ix; 47p.
Other physical details ill.
Dimensions 29cm.
942 ## - ADDED ENTRY ELEMENTS (KOHA)
Source of classification or shelving scheme
Koha item type FOR
Holdings
Price effective from Date last seen Permanent Location Not for loan Date acquired Source of classification or shelving scheme Koha item type Lost status Withdrawn status Total Renewals Date last checked out Total Checkouts Shelving location Damaged status Barcode Current Location Full call number
2015-11-122022-10-11Library Block B 2015-11-12 FOR   2022-10-031B132 RUA028518Library Block BFOR PAN 2005 B132 Or.1
2015-11-122015-11-12Library Block B 2015-11-12 FOR     B132 RUA028878Library Block BFOR PAN 2005 B132 Or.2
2015-11-122021-12-13Library Block B 2015-11-12 FOR   2021-11-301B132 RUA028590Library Block BFOR PAN 2005 B132 Or.3
2015-11-122022-05-12Library Block B 2015-11-12 FOR   2022-04-041B132 RUA028029Library Block BFOR PAN 2005 B132 Or.4
2015-11-122019-12-20Library Block B 2015-11-12 FOR  12019-12-093B132 RUA028317Library Block BFOR PAN 2005 B132 Or.5
2019-10-252021-02-02Library Block B 2019-10-25 FOR   2021-01-191B132 A42343Library Block BFOR PAN 2005 B132 Or.6
មជ្ឈមណ្ឌលឯការនៃសាកលវិទ្យាល័យភូមិន្ទកសិកម្មចំការដូង

Powered by Koha